Normale Ansicht MARC-Ansicht ISBD

Die Carl-Zeiss-Stiftung in Wiedervereinigung und Globalisierung 1989-2004 / (Titelsatznr. 51673)

[ MARC ]
MARC-Details
000 -Satzkennung
Kontrollfeld mit fester Länge 00617nam a22001931c 4500
001 - Kontrollnummer
Kontrollfeld a987690808
008 - Feld mit fester Länge zur physischen Beschreibung - Allgemeine Angaben
Kontrollfeld mit fester Länge 180820s2017 gw |||| 000u ger d
020 ## - Internationale Standardbuchnummer
Internationale Standardbuchnummer 9783835330849
Verknüpfung 978-3-8353-3084-9
041 ## - Sprachcode
Sprachcode des Textes/der Tonspur oder des separaten Titels ger
040 ## - Katalogisierungsquelle
Übertragungsstelle RU-10907106
003 - Kontrollnummer Identifier
Kontrollfeld RU-10907106
100 1# - Haupteintragung - Personenname
Personenname Pahlow, Louis
245 04 - Titel
Titel Die Carl-Zeiss-Stiftung in Wiedervereinigung und Globalisierung 1989-2004 /
Verfasserangabe etc. Louis Pahlow, André Steiner
264 ## - Produktion, Veröffentlichung, Distribution, Herstellung und Urheberrechtsvermerk
Herstellungs-, Veröffentlichungs- Vertriebs-, Erzeugungsort Göttingen :
Produzent, Herausgeber, Distributor, Hersteller Wallstein Verlag,
Datum der Herstellung, der Veröffentlichung, des Vertriebs oder des Urheberschutzvermerks 2017
300 ## - Physische Beschreibung
Umfang 542 Seiten
610 #0 - Nebeneintragung unter einem Schlagwort - Körperschaftsname
Körperschafts- oder Gebietskörperschaftsname als Eintragungselement Carl-Zeiss-Stiftung (Heidenheim an der Brenz, Jena)
700 1# - Nebeneintragung - Personenname
Personenname Steiner, André
Funktionsbezeichnung VerfasserIn
942 ## - Zusätzliche Felder (Koha)
Koha-Medientyp Monographien
Exemplare
Ausgeschieden Verloren Klassifikation oder Aufstellungssystematik Beschädigt Nicht entleihbar Heimatbibliothek Aufenthaltsbibliothek Aufstellungsort Erwerbungsdatum Inventarnummer Signatur Barcode Letzte Aktivität Preis gültig von Koha-Medientyp
    Andere/Generische Klassifikation     MWN Osteuropa MWN Osteuropa Lesesaal - 1 20/08/2018 18-02326 G 20 bD 243 E0040150790E7591 23/02/2021 22/03/2021 Monographien